|
|
|
|
| LEADER |
00000nlm0a2200000 4500 |
| 001 |
273162 |
| 005 |
20240112160513.0 |
| 035 |
|
|
|a (RuTPU)RU\TPU\book\296371
|
| 090 |
|
|
|a 273162
|
| 100 |
|
|
|a 20141023d2014 k y0rusy50 ca
|
| 101 |
0 |
|
|a rus
|
| 102 |
|
|
|a RU
|
| 105 |
|
|
|a a dm 001zy
|
| 135 |
|
|
|a drcn ---uucaa
|
| 181 |
|
0 |
|a i
|
| 182 |
|
0 |
|a b
|
| 200 |
1 |
|
|a Функционализация 2,1,3-бензоксадиазолов терминальными алкинами и нуклеофилами
|e автореферат диссертации на соискание ученой степени кандидата химических наук
|e спец. 02.00.03
|f А. С. Кузнецова
|g Красноярский государственный педагогический университет им. В. П. Астафьева (КГПУ) ; науч. рук. Л. М. Горностаев
|
| 203 |
|
|
|a Текст
|c электронный
|
| 210 |
|
|
|a Томск
|d 2014
|
| 215 |
|
|
|a 1 файл (873 Kb)
|
| 300 |
|
|
|a Заглавие с титульного экрана
|
| 300 |
|
|
|a Электронная версия печатной публикации
|
| 337 |
|
|
|a Adobe Reader
|
| 452 |
|
1 |
|0 (RuTPU)RU\TPU\book\305883
|t Функционализация 2,1,3-бензоксадиазолов терминальными алкинами и нуклеофилами
|o автореферат диссертации на соискание ученой степени кандидата химических наук
|o спец. 02.00.03
|f А. С. Кузнецова
|g Красноярский государственный педагогический университет им. В. П. Астафьева (КГПУ) ; науч. рук. Л. М. Горностаев
|c Томск
|d 2014
|p 20 с.
|a Кузнецова, Анастасия Сергеевна
|
| 606 |
1 |
|
|a Диазол, производные
|2 stltpush
|3 (RuTPU)RU\TPU\subj\74041
|9 86634
|
| 610 |
1 |
|
|a авторефераты диссертаций
|
| 610 |
1 |
|
|a электронный ресурс
|
| 610 |
1 |
|
|a синтез
|
| 610 |
1 |
|
|a дегидратация
|
| 610 |
1 |
|
|a бензофуразаны
|
| 610 |
1 |
|
|a нуклеозиды
|
| 610 |
1 |
|
|a модифицирование
|
| 610 |
1 |
|
|a люминесцентные свойства
|
| 675 |
|
|
|a 547.79(04)
|v 3
|
| 686 |
|
|
|a 02.00.03
|2 oksvnk
|
| 700 |
|
1 |
|a Кузнецова
|b А. С.
|c химик-органик
|c инженер-исследователь Томского политехнического университета
|f 1988-
|g Анастасия Сергеевна
|9 19341
|
| 702 |
|
1 |
|a Горностаев
|b Л. М.
|g Леонид Михайлович
|4 727
|
| 712 |
0 |
2 |
|a Красноярский государственный педагогический университет им. В. П. Астафьева (КГПУ)
|c (1993- )
|3 (RuTPU)RU\TPU\col\2101
|
| 801 |
|
2 |
|a RU
|b 63413507
|c 20150609
|g RCR
|
| 856 |
4 |
|
|u http://www.lib.tpu.ru/fulltext/a/2014/46.pdf
|
| 942 |
|
|
|c CF
|